Po književnoj Jugoslaviji 1984-1985 : zapisi i snimci sa putovanja /

Hlavní autor: Lukić, Sveta, 1931-1997
Jazyk: Srbština
Vydáno: Vršac : Književna opština Vršac, 1986
Edice: Biblioteka KOV
Fyzický popis: 192 stran
Knihy
Uloženo v:
LEADER 00847nam a22002532i 4500
001 001501366
003 CZ BrMZK
005 20160526111625.0
007 ta
008 151211s1986 rb er|||||||||||srp d
040 |a ABA004  |b cze  |c ABA004  |d ABA004  |d BOA001  |e rda 
100 1 |a Lukić, Sveta,  |d 1931-1997  |7 xx0018061  |4 aut 
245 1 0 |a Po književnoj Jugoslaviji 1984-1985 :  |b zapisi i snimci sa putovanja /  |c Sveta Lukić 
264 1 |a Vršac :  |b Književna opština Vršac,  |c 1986 
300 |a 192 stran 
336 |a text  |b txt  |2 rdacontent 
337 |a bez média  |b n  |2 rdamedia 
338 |a svazek  |b nc  |2 rdacarrier 
490 1 |a Biblioteka KOV ;  |v knjiga 49 
830 0 |a Biblioteka KOV 
910 |a BOA001  |b M1-0923.353 
990 |a BK 
991 |b 201512 
996 7 |b 2619138268  |c M1-0923.353  |l MZK  |r Sklad / do 24 hodin  |n 0  |w 001536695  |u 000010  |a 1  |e BOA001  |j MZK50  |s A